000 00629nam a2200181 i 4500
001 6451
003 ES-MaACL
005 20230906144936.0
008 891122s1985 sp ||||1| spa d
080 _a929 Aranzadi, Telesforo
100 1 _aGoicoetxea Marcaida, Angel.
_957616
245 1 0 _aTelesforo de Aranzadi
_b: vida y obra /
_cÁngel Goicoetxea Marcaida.
260 _aSan Sebastián :
_bSociedad de Ciencias Aranzadi,
_c1985.
300 _a231 p. :
_bil. ;
_c29 cm.
600 1 4 _aAranzadi, Telésforo de (
_d1860-1945)-
_xBiografías.
_922334
710 2 _aSociedad de Ciencias Aranzadi.
_96663
852 _aES-MaACL
_jL-13577
999 _c6451
_d6451